| 000 | 00475nam a2200169 i 4500 | ||
|---|---|---|---|
| 001 | bg | ||
| 100 | 1 | _aCZACHOROWSKI, Józef | |
| 245 | 0 |
_aĆwiczenia z organizacji i planowania budowy / _cJózef Czachorowski, Andrzej Chrzanowski, Jacek Przybylski. |
|
| 260 |
_aZielona Góra, _c1976. |
||
| 700 | 1 | _aCHRZANOWSKI, Andrzej | |
| 700 | 1 | _aPRZYBYLSKI, Jacek | |
| 040 | _cBPK | ||
| 041 | _apol | ||
| 080 | _a69:658 | ||
| 942 | _cKS | ||
| 008 | s pl f |000 0 pol | ||
| 999 |
_c17032 _d17032 |
||
| 856 |
_uhttp://koha.tu.koszalin.pl/cgi-bin/koha/opac-detail.pl?biblionumber=17032 _yKatalog online BPK |
||